The Fifth discipline fieldbook : (Record no. 12829)
[ view plain ]
| 000 -LEADER | |
|---|---|
| fixed length control field | 01395cam a22003615a 4500 |
| 001 - CONTROL NUMBER | |
| control field | 3944743 |
| 003 - CONTROL NUMBER IDENTIFIER | |
| control field | OSt |
| 005 - DATE AND TIME OF LATEST TRANSACTION | |
| control field | 20150817102946.0 |
| 008 - FIXED-LENGTH DATA ELEMENTS--GENERAL INFORMATION | |
| fixed length control field | 931221s1994 nyua frb 001 0 eng |
| 010 ## - LIBRARY OF CONGRESS CONTROL NUMBER | |
| LC control number | 93050130 |
| 020 ## - INTERNATIONAL STANDARD BOOK NUMBER | |
| International Standard Book Number | 0385472560 |
| Terms of availability | $29.95 ($38.95 Can.) |
| 020 ## - INTERNATIONAL STANDARD BOOK NUMBER | |
| International Standard Book Number | 9780385472562 |
| 040 ## - CATALOGING SOURCE | |
| Original cataloging agency | DLC |
| Language of cataloging | eng |
| Transcribing agency | DLC |
| Modifying agency | DLC |
| -- | EG-ScBUE |
| 050 00 - LIBRARY OF CONGRESS CALL NUMBER | |
| Classification number | HD58.9 |
| Item number | .F54 1994 |
| 082 04 - DEWEY DECIMAL CLASSIFICATION NUMBER | |
| Classification number | 658.402 |
| Edition number | 22 |
| Item number | THE |
| 245 04 - TITLE STATEMENT | |
| Title | The Fifth discipline fieldbook : |
| Remainder of title | strategies and tools for building a learning organization / |
| Statement of responsibility, etc | Peter M. Senge ... [et al.]. |
| 260 ## - PUBLICATION, DISTRIBUTION, ETC. (IMPRINT) | |
| Place of publication, distribution, etc | New York : |
| Name of publisher, distributor, etc | Currency, Doubleday, |
| Date of publication, distribution, etc | c. 1994. |
| 300 ## - PHYSICAL DESCRIPTION | |
| Extent | xiii, 593 p. : |
| Other physical details | ill. ; |
| Dimensions | 23 cm. |
| 500 ## - GENERAL NOTE | |
| General note | Index : p. 577-593. |
| 504 ## - BIBLIOGRAPHY, ETC. NOTE | |
| Bibliography, etc | Include bibliographical references. |
| 590 ## - LOCAL NOTE (RLIN) | |
| Local note | Menna Elemam |
| 600 10 - SUBJECT ADDED ENTRY--PERSONAL NAME | |
| Personal name | Senge, Peter M. |
| Title of a work | Fifth discipline. |
| 9 (RLIN) | 9044 |
| 650 #0 - SUBJECT ADDED ENTRY--TOPICAL TERM | |
| Topical term or geographic name as entry element | Organizational effectiveness |
| General subdivision | Handbooks, manuals, etc. |
| 9 (RLIN) | 9045 |
| Source of heading or term | BUEsh |
| 650 #0 - SUBJECT ADDED ENTRY--TOPICAL TERM | |
| Topical term or geographic name as entry element | Teams in the workplace |
| General subdivision | Handbooks, manuals, etc. |
| 9 (RLIN) | 9046 |
| Source of heading or term | BUEsh |
| 650 #0 - SUBJECT ADDED ENTRY--TOPICAL TERM | |
| Topical term or geographic name as entry element | Organizational behavior |
| Source of heading or term | BUEsh |
| 651 ## - SUBJECT ADDED ENTRY--GEOGRAPHIC NAME | |
| Source of heading or term | BUEsh |
| 653 ## - INDEX TERM--UNCONTROLLED | |
| Resource For college | BAEPS, Business Administration |
| Arrived date list | August2015 |
| 700 1# - ADDED ENTRY--PERSONAL NAME | |
| Personal name | Senge, Peter M. |
| 9 (RLIN) | 9047 |
| 740 0# - ADDED ENTRY--UNCONTROLLED RELATED/ANALYTICAL TITLE | |
| Uncontrolled related/analytical title | Learning organization. |
| 856 42 - ELECTRONIC LOCATION AND ACCESS | |
| Materials specified | Publisher description |
| Uniform Resource Identifier | <a href="http://www.loc.gov/catdir/description/random046/93050130.html">http://www.loc.gov/catdir/description/random046/93050130.html</a> |
| 942 ## - ADDED ENTRY ELEMENTS (KOHA) | |
| Source of classification or shelving scheme | Dewey Decimal Classification |
| Item type | Book - Borrowing |
| Call number prefix | 658.402 THE |
| Withdrawn status | Item status | Source of classification or shelving scheme | Damaged status | Not for loan | Vendor | Home library | Current library | Shelving location | Date acquired | Source of acquisition | Total Checkouts | Full call number | Barcode | Date last seen | Date last borrowed | Koha item type | Total Renewals |
|---|---|---|---|---|---|---|---|---|---|---|---|---|---|---|---|---|---|
| Dewey Decimal Classification | Baccah | Central Library | Central Library | First floor | 21/10/2009 | 2 | 658.402 THE | 000018409 | 15/07/2025 | 19/12/2011 | Book - Borrowing | ||||||
| Dewey Decimal Classification | Baccah | Central Library | Central Library | First floor | 21/10/2009 | 6 | 658.402 THE | 000018424 | 15/07/2025 | 23/06/2022 | Book - Borrowing | 13 | |||||
| Dewey Decimal Classification | Central Library | Central Library | First floor | 21/10/2009 | 658.402 THE | 000018423 | 15/07/2025 | NB - Book (Non borrowing) |